000 00501cam a22001934a 4500
005 20250605164152.0
008 250528s ||||||||||||||||||||||||d
035 _a19411
020 _a9603513679
040 _aGR-AtMCL
_bgre
_dGR-AtMCL
_eAACR2
245 1 _aΕΙΣΑΓΩΓΗ ΣΤΟ ΜΑΡΚΕΤΙΝΓΚ
250 _a3
260 _bΑ.Σταμουλης,
_c2001
300 _a718
700 1 _aΜαλλιαρης Γ. Πετρος
_95657
942 _cBK
999 _c4667
_d4667